Model výnimočnosti EFQM a vplyv na výkonnosť organizácie

Model výnimočnosti EFQM - European Foundation for Quality Management navrhnutý Európskou nadáciou pre manažérstvo kvality. Manažérsky nástroj na zvyšovanie konkurencieschopnosti i výkonnosti organizácií, ktorý sa používa na porovnanie výkonnosti a dosiahnutých výsledkov jednotlivých organizácií v ná...

Description complète

Enregistré dans:
Détails bibliographiques
Auteur principal: Hornišerová, Janka
Autres auteurs: Karkalíková, Marta
Format: Chapitre de livre
Langue:slovaque
Sujets:
Tags: Ajouter un tag
Pas de tags, Soyez le premier à ajouter un tag!

MARC

LEADER 00000nla a2200000 4500
001 0195313
005 20240502073255.8
041 0 |a slo 
044 |a SK 
245 1 0 |a Model výnimočnosti EFQM a vplyv na výkonnosť organizácie  |c Janka Hornišerová, Marta Karkalíková 
520 |a Model výnimočnosti EFQM - European Foundation for Quality Management navrhnutý Európskou nadáciou pre manažérstvo kvality. Manažérsky nástroj na zvyšovanie konkurencieschopnosti i výkonnosti organizácií, ktorý sa používa na porovnanie výkonnosti a dosiahnutých výsledkov jednotlivých organizácií v národných i medzinárodných súťažiach za kvalitu. 
610 2 0 |a metódy organizácie 
610 2 0 |a metódy riadenia 
610 2 0 |a nástroje riadenia 
610 2 0 |a výkonnosť podniku 
610 2 0 |a kvalita 
610 2 0 |a modely riadenia 
610 2 0 |a TQM 
100 1 |a Hornišerová, Janka 
700 1 |a Karkalíková, Marta